000 00860nam a22002057a 4500
005 20260306105110.0
008 s2550 th ||||| |||| 00| 0 tha d
020 _a9789742034281
040 _aNALT
090 _aKO23 ว285ค 2550
100 0 _aวรวุฒิ เทพทอง
_931916
245 1 0 _aคำอธิบายหลักกฎหมายที่ดินตามประมวลกฎหมายที่ดิน [5th]
260 3 _aกรุงเทพฯ :
_bนิติธรรม,
_c2550
300 _a419 หน้า ;
_b 26 ซม.
650 0 4 _aที่ดิน -- กฎหมายและระเบียบข้อบังคับ
650 0 4 _aกฎหมายที่ดิน
_91620
850 _aNALT
942 _cLB
_2lcc
_01
999 _c62725
_d62725
998 _j8
_k นายบัณฑิต อุทาวงค์